Wielki quiz o zamachach z 11 września - Statystyki

Ogólne statystyki
  • Ten quiz został rozwiązany 17 razy
    13 od ostatniego zresetowania
  • Średni wynik to 14 z 177
Statystyki odpowiedzi
Pytanie Odpowiedź % Poprawnych
W którym roku bin Laden przyznał się do zorganizowania zamachów? 2004
100%
Ile samolotów użyto do przeprowadzenia zamachów? 4
100%
Który numer nosiła północna wieża WTC? 1 World Trade Center
50%
W którym roku miał miejsce pierwszy zamach na WTC? (zamach bombowy) 1993
40%
Ile kamer zarejestrowało uderzenie samolotu w północną wieżę WTC? 5
30%
Ile budynków liczył kompleks WTC? 7
30%
Która stacja telewizyjna podała informację o zawaleniu WTC 7, mimo iż budynek wciąż stał? BBC
30%
Jaka nazwę nosi jedna z odbudowanych wież WTC, obecnie najwyższy budynek w USA? Freedom Tower (One World Trade Center)
30%
Która amerykańska giełda znajduje się w pobliżu kompleksu WTC? New York Stock Exchange
30%
Czy zamachy na WTC były widoczne z kosmosu? Tak
30%
Czy kiedykolwiek wieże WTC były najwyższymi budynkami świata? Tak
30%
Ile pięter liczyły obie wieże WTC? 110
20%
Ilu terrorystów brało udział w atakach? 19
20%
W którym roku otwarto kompleks WTC? 1973
20%
W którym roku po raz pierwszy opublikowano nagranie z momentu ataku na Pentagon? 2006
20%
Ile miesięcy trwały pożary wszystkich budynków WTC w Strefie Zero? 3
20%
Ilu Polaków zginęło w zamachach? 6
20%
Jak nazywa się islamska organizacja terrorystyczna, podejrzewana o przeprowadzenie zamachów? Al-Kaida
20%
Który rodzaj samolotów wykorzystano do przeprowadzenia zamachów? Boeing
20%
Które ministerstwo amerykańskie mieści się w budynku Pentagonu? Departament Obrony
20%
Która agencja śledcza opublikowała listę domniemanych terrorystów, odpowiedzialnych za ataki? FBI
20%
Kto był prezydentem USA w tym czasie? George W. Bush
20%
Jak nazywa się więzienie, gdzie wojsko USA przetrzymywało i torturowało islamskich więźniów podejrzanych o terroryzm? Guantanamo
20%
Czy wojna z terroryzmem dobiegła końca? Nie
20%
Czy kompleks WTC został w pełni odbudowany? Nie
20%
Jak nazywa się osoba, która stała się głównym podejrzanym o przeprowadzenie zamachów? Osama bin Laden
20%
Która wieża WTC zawaliła się jako pierwsza - północna czy południowa? Południowa
20%
Jaka jest oficjalna przyczyna zawalenia się wież WTC? Pożar
20%
Czy w szczątkach WTC znaleziono ślady materiałów wybuchowych? Tak
20%
Czy w Polsce ogłoszono żałobę po atakach z 11 września? Tak
20%
Jaką nazwę w języku angielskim noszą bliźniacze wieże WTC? Twin Towers
20%
W co byli uzbrojeni terroryści na pokładach samolotów? W noże
20%
W którą rocznicę zamachów otwarto pomnik pamięci o zamachach na dawnym placu, gdzie stały wieże WTC? 10.
10%
O której godzinie zawaliła się ściana Pentagonu, która uległa uszkodzeniu? 10:10
10%
Która godzina była w Polsce, kiedy pierwszy samolot uderzył w północną wieżę? 14:46
10%
W którym roku rozpoczęto budowę kompleksu WTC? 1966
10%
Ile filmów sensacyjnych powstało na temat uprowadzenia lotu 93? 2
10%
W którym roku miały miejsce zamachy z 11 września? 2001
10%
W którym rok schwytano i zabito bin Ladena? 2011
10%
Który numer nosiła południowa wieża WTC? 2 World Trade Center
10%
Ile wież łącznie zawaliło się 11 września w Nowym Jorku? 3
10%
Które piętra południowej wieży WTC doznały uszkodzeń w wyniku uderzenia samolotu? 77-85
10%
O której godzinie miał miejsce atak na północną wieżę WTC? 8:46
10%
Które piętra północnej wieży WTC doznały uszkodzeń w wyniku uderzenia samolotu? 93-99
10%
O której godzinie zawaliła się południowa wieża WTC? 9:59
10%
Który lot uderzył w północną wieżę WTC? American Airlines 11
10%
Który lot uderzył w Pentagon? American Airlines 77
10%
Większość terrorystów pochodziła z pewnego państwa, którego? Arabia Saudyjska
10%
Jak nazywała się stewardesa, która wykonała telefon z pokładu uprowadzonego lotu 11? Betty Ong
10%
Jakim terminem określa się w islamie świętą wojnę z niewiernymi? Dżihad
10%
Który budynek w Nowym Jorku także doznał w przeszłości uszkodzeń w wyniku uderzenia samolotu, nie licząc wież WTC? Empire State Building
10%
Która agencja w wyniku ataków, zamknęła amerykańską przestrzeń powietrzną dla wszystkich samolotów, zarówno cywilnych jak i wojskowych? FAA
10%
W którym stanie USA przebywał prezydent Bush podczas ataku na WTC? Floryda
10%
Jak potocznie nazywa się miejsce gruzowiska po WTC? Ground Zero
10%
Który terrorysta uprowadził samolot, a następnie rozbił się o Pentagon? Hani Handżur
10%
Co pojawia się w pobliżu płonących wież WTC i szybko odlatuje na kilkanaście sekund przed zawaleniem się południowej wieży? Helikopter
10%
Przy której rzece usytuowany był kompleks WTC? Hudson
10%
W który budynek prawdopodobnie miał uderzyć lot 93? Proszę podać jedną z trzech destynacji. Kapitol, Biały Dom, Siedziba CIA w Langley
10%
Który pracownik WTC, będąc uwięzionym na wyższych piętrach, dzwonił do służb ratunkowych Nowego Jorku przed zawaleniem się wieży? Kevin Cosgrove
10%
W której dzielnicy Nowego Jorku znajdował się kompleks budynków WTC? Manhattan
10%
Czy w budynek WTC 7 uderzył samolot? Nie
10%
Czy bezpośrednio po uderzeniu samolotu w północną wieżę podjęto decyzję o ewakuacji południowej wieży? Nie
10%
Który francuski astrolog i jasnowidz miał przewidzieć zamachy na WTC na kilkaset lat przez tym wydarzeniem? Nostradamus
10%
Jak nazywała się kontrowersyjna ustawa, uchwalona niedługo po atakach, krytykowana ze względu na niejasne przepisy dotyczące ograniczania swobód obywatelskich? Patriot Act
10%
Na terenie którego stanu rozbił się lot 93? Pensylwania
10%
Kształt której figury geometrycznej przypomina budynek Pentagonu? Pięciokąt
10%
Wśród ofiar zamachów jest syn znanego polskiego kolarza, którego? Ryszarda Szurkowskiego
10%
Kto jest bezpośrednio odpowiedzialny za ataki z 11 września według teorii spiskowych? Rząd USA
10%
Według jednej z teorii spiskowych, w Pentagon nie uderzył lot 77, tylko co? (proszę napisać jedną z dwóch możliwych odpowiedzi). Samolot wojskowy lub rakieta
10%
Jak nazywa się miejscowość, na terenie której rozbił się lot 93? Shanksville
10%
Czy kompleks WTC posiadał stację metra? Tak
10%
Czy istnieją opublikowane nagrania z momentu ataku na Pentagon? Tak
10%
Czy dnia 11 września odbywały się w USA ćwiczenia wojskowe w przechwytywaniu porwanych samolotów? Tak
10%
Jaki tytuł nosi słynne zdjęcie, na którym widać spadającego mężczyznę z górnych pięter jednej z wież WTC? The Falling Man
10%
Który lot uderzył w południową wieżę WTC? United Airlines 175
10%
W którym z czterech porwanych samolotów znajdowało się najmniej pasażerów? United Airlines 93
10%
Jak nazwano wojnę, którą USA wytoczyły terrorystom na całym świecie? Wojna z terroryzmem
10%
Jak nazywał się kompleks budynków w Nowym Jorku, które stały się celem zamachów? World Trade Center
10%
Który dzień tygodnia wypadł 11 września 2001 roku? Wtorek
10%
O której godzinie rozbił się lot 93? 10:03
0%
O której godzinie zawaliła się północna wieża WTC? 10:28
0%
Jak długo płonęła północna wieża WTC? 102 minuty
0%
Proszę podać dokładną datę rozpoczęcia budowy Pentagonu w Waszyngtonie? 11.09.1941
0%
Którego dnia prezydent Bush odwiedził miejsce zawalenia się wież WTC? 14.09.2001
0%
Ile ofiar zamachów zostało zindentyfikowanych? 1650
0%
O której godzinie zawalił się budynek WTC 7? 17:20
0%
Ile osób przeżyło zawalenie WTC? 18
0%
Ile osób zginęło w ataku na Pentagon? 189
0%
W którym roku miał miejsce duży pożar na 11. piętrze północnej wieży WTC? 1975
0%
Ile wind znajdowało się w obu wieżach WTC? 198
0%
W którym roku czasopismo "Emergency Response to Terrorism - Self Study" publikuje okładkę, na której widać wieże WTC na celowniku terrorystów? 1997
0%
W których latach obradowała Komisja ds. Ataków Terrorystycznych z 11 września? 2002-2004
0%
W wyniku zamachów zamknięto dla turystów zwiedzanie wnętrza Statui Wolności. W którym roku zniesiono to ograniczenie? 2009
0%
O której godzinie 11 września prezydent Bush wygłosił orędzie do narodu amerykańskiego, transmitowane w telewizji? 20:30
0%
Którego dnia Komisja ds. Ataków z 11 września opublikowała raport końcowy, oficjalnie zamykając śledztwo w sprawie zamachów? 22.07.2004
0%
Ile osób wciąż ma status zaginionych w trakcie zamachów? 26
0%
Ile osób zginęło we wszystkich atakach? 2996
0%
Ilu strażaków zginęło 11 września? 343
0%
Ile metrów wysokości do dachu miała południowa wieża WTC? 415
0%
Ile metrów wysokości do dachu miała północna wieża WTC? 417
0%
Ile osób straciło życie w katastrofie lotu 93? 44
0%
Ile osób pracowało w WTC w momencie zamachów? 50000
0%
Jaką maksymalną wysokość miała północna wieża WTC? 527 metrów
0%
Jak długo płonęła południowa wieża WTC? 56 minut
0%
Ilu policjantów zginęło 11 września? 60
0%
Ile osób zostało rannych w zamachach? 6291
0%
Proszę podać dokładną datę inwazji USA na Afganistan? 7.10.2001
0%
Który budynek w Nowym Jorku uległ zawaleniu kilka godzin po upadku wież WTC? 7 World Trade Center
0%
O której godzinie uprowadzono lot American Airlines 11? 8:13
0%
Na ile miliardów dolarów szacowano straty poniesione w wyniku zamachów z 11 września? 83 mld
0%
O której godzinie uprowadzono lot United Airlines 175? 8:42
0%
O której godzinie uprowadzono lot American Airlines 77? 8:51
0%
Jak długo trwało sprzątanie ruin po WTC? 8 miesięcy
0%
O której godzinie miał miejsce atak na południową wieżę WTC? 9:03
0%
O której godzinie uprowadzono lot United Airlines 93? 9:28
0%
O której godzinie prezydent Bush wygłosił krótkie orędzie do narodu amerykańskiego, w którym potwierdził, że ataki na WTC były aktami terrorystycznymi? 9:30
0%
O której godzinie miał miejsce atak na Pentagon? 9:37
0%
Które państwa zostały zaatakowane przez USA w następstwie zamachów? Afganistan, Irak
0%
Która telewizja wyemitowała oświadczenie bin Ladena, w którym wyparł się odpowiedzialności za zorganizowanie zamachów? Al-Dżazira
0%
Który amerykański popularyzator teorii spiskowych zaangażował się w wyjaśnienie tragedii z 11 września? Alex Jones
0%
W którym z czterech porwanych samolotów znajdowało się najwięcej pasażerów? American Airlines 11
0%
Co znajdowało się na dachu północnej wieży WTC? Antena telewizyjna
0%
Jak nazywa się organizacja skupiająca architektów i inżynierów, która kwestionuje oficjalne informacje na temat zawalenia się wież WTC? Architekci i Inżynierowie na rzecz Prawdy o 9/11
0%
Który toksyczny związek znajdował się w chmurach pyłu powstałych po upadku wież WTC? Azbest
0%
Które bazy wojskowe odwiedził 11 września prezydent Bush, zanim wrócił do Waszyngtonu? Barksdale, Offutt
0%
Jak nazywał się pracownik WTC 7, który był naocznym świadkiem tajemniczych eksplozji w tymże budynku? Barry Jennings
0%
Jak nazywa się pakistański terrorysta, główny organizator zamachów z 11 września, który miał być torturowany w tajnych więzieniach CIA, także na terenie Polski? Chalid Szejk Muhammad
0%
Który amerykański kanał telewizyjny miał największą oglądalność 11 września? CNN
0%
Który znany architekt zaprojektował nowy kompleks WTC? Daniel Libeskind
0%
Jak nazywa się departament (ministerstwo) utworzony w USA po zamachach z 11 września? Departament Bezpieczeństwa Krajowego
0%
Który wieżowiec Nowego Jorku został na tyle uszkodzony przez walące się wieże WTC, że podjęto decyzję o jego rozbiórce? Deutsche Bank Building
0%
Kto był wiceprezydentem USA w czasie zamachów? Dick Cheney
0%
Który amerykański miliarder, polityk i przedsiębiorca przedstawił swój własny projekt odbudowania dwóch wież WTC? Donald Trump
0%
Jak nazywa się film Michaela Moore'a z 2004 roku, który ujawnił związki biznesowe prezydenta Busha z saudyjską rodziną bin Ladenów? Fahrenheit 9.11
0%
Jak nazywał się architekt i kierownik budowy WTC, który zginął w zamachach, wcześniej ratując wiele osób uwięzionych na wyższych kondygnacjach w północnej wieży? Frank De Martini
0%
Którą część budynku Pentagonu poddano remontowi przed zamachami? Frontową ścianę w którą potem uderzył samolot
0%
Która firma wynajmowała biura w południowej wieży WTC na piętrach, które zniszczył samolot? Fuji Bank
0%
W którym filmie Martina Scorsese pojawiają się wieże WTC, pomimo iż film został ukończony po 11 września? Gangi Nowego Jorku
0%
Walące się wieże zniszczyły stojący w pobliżu nich kościół. Do którego obrządku chrześcijańskiego należał? Grekokatolickiego
0%
Która organizacja terrorystyczna była w pierwszej kolejności wskazywana jako potencjalny sprawca ataków na USA? Hamas
0%
Jak nazywał się polski imigrant, który został zamordowany 11 września w Nowym Jorku chwilę przed północą, którego śledztwo zostało zaniedbane z powodu braku wolnych policjantów, zajętych ratowaniem ludzi z ruin WTC? Henryk Siwiak
0%
Co znajdowało się w trzecim budynku kompleksu WTC? Hotel Marriott
0%
Jak nazywają się bracia dokumentaliści z Francji, którzy 11 września nagrywali materiał o pracy nowojorskich strażaków? (uchwycili moment uderzenia lotu 11 w północną wieżę na słynnym filmie). Jules i Gédéon Naudet
0%
W którym polskim mieście stoi Homo Homini, pomnik upamiętniający zamachy z 11 września? Kielce
0%
Jedna z teorii spiskowych głosi, że wieże WTC zawaliły się w wyniku czego? Kontrolowanego wyburzenia
0%
Który samolot miał zostać uprowadzony 11 września, ale jego porwanie okazało się fałszywą informacją? Korean Air Flight 085
0%
Co znajdowało się przy Pentagonie w pobliżu miejsca, w którym uderzył lot 77? Lądowisko dla helikopterów
0%
Który amerykański finansista żydowskiego pochodzenia kupił kompleks WTC w lipcu 2001 roku? Larry Silverstein
0%
Jaki tytuł nosi seria filmów, która odbiła się szerokim echem na całym świecie, prezentująca liczne teorie spiskowe na temat zamachów z 11 września? Loose Change
0%
Do których miast miały lecieć uprowadzone samoloty? Los Angeles, San Francisco
0%
Która firma wynajmowała biura w północnej wieży WTC na piętrach, które zniszczył samolot? Marsh & McLennan Companies
0%
Który znany piosenkarz miał zaplanowane spotkanie 11 września na terenie WTC, ale na nie nie dotarł? Michael Jackson
0%
Jaki styl architektoniczny reprezentowały wieże WTC? Modernizm
0%
Który terrorysta koordynował przeprowadzenie ataków na Amerykę? Był przywódcą wszystkich terrorystów, którzy wzięli udział w zamachach. Mohamed Atta
0%
Kto gra główną rolę w filmie World Trade Center z 2006 roku? Nicolas Cage
0%
Która agencja federalna badała przyczyny zawalenia się wież WTC i wydała obszerne raporty dokładnie opisujące moment zawalania się budynków? NIST
0%
Jak nazywa się agencja amerykańska, odpowiedzialna za przechwytywanie uprowadzonych samolotów? NORAD
0%
W których miastach miały miejsce zamachy? Nowy Jork, Waszyngton
0%
Czym są dwa ogromne prostokąty, zbudowane jako pomnik na placu gdzie mieściły się wieże WTC? Ogromnymi fontannami
0%
Jak długo zawalały się wieże WTC? Ok. 10 sekund
0%
Kto rozbił o pole uprowadzony samolot United Airlines 93 na wieść o tragicznych wydarzeniach z Nowego Jorku i Waszyngtonu? Pasażerowie
0%
Kto był wówczas burmistrzem Nowego Jorku? Rudy Giuliani
0%
Którego dyktatora Iraku Amerykanie obalili w 2003 roku? Saddama Husajna
0%
Który wieżowiec był najwyższym budynkiem w USA w momencie zamachów z 11 września? Sears Tower (Willis Tower)
0%
Którą piosenkę słychać na placu przed wieżami WTC, która została uchwycona przez pewnego kamerzystę już po uderzeniu obu samolotów? She’s Always a Woman
0%
Która organizacja terrorystyczna rządziła Afganistanem w momencie ataków na Amerykę? Talibowie
0%
Co znajdowało się na dachu południowej wieży WTC? Tarasy widokowe
0%
W którym serialu telewizyjnym, w jednym z jego odcinków uprowadzony samolot kieruje się w stronę wież WTC? (premiera tego odcinka miała miejsce pół roku przed rzeczywistymi zamachami). The Lone Gunmen
0%
Jak nazywa się rzeźba w kształcie kuli, która stała na placu przed kompleksem WTC? The Sphere
0%
Jak nazywa się fałszywa fotografia, która przedstawia turystę na dachu WTC, kilka sekund przez uderzeniem samolotu? Tourist Guy
0%
Jaką angielską nazwę noszą dwie wiązki światła, które są zapalane i kierowane w niebo w rocznicę ataków na WTC? Tribute in Light
0%
Jak długo po zamachach nie funkcjonowała nowojorska giełda papierów wartościowych? Tydzień
0%
Który lot nie osiągnął swojego celu 11 września? United Airlines 93
0%
Jaką nazwę nosiła operacja, w której symulowano porwanie co najmniej 4 samolotów, przeprowadzona przed zamachami jak i w dniu zamachów? Vigilant Guardian (Czujny Strażnik)
0%
Jak nazywają się policjanci, którzy przeżyli zawalenie się bliźniaczych wież i spędzili pod gruzami 13 godzin? Will Jimeno, John McLoughlin
0%
Jak nazywała się najbardziej dochodowa restauracja w USA, mieszcząca się na 106. i 107. piętrze północnej wieży WTC? Windows on the World
0%
Która telewizja amerykańska jako pierwsza rozpoczęła nadawanie z miejsca zamachu na WTC? WNYW/Fox 5
0%
Nie znaleziono quizów pasujących do podanych kryteriów
Rozkład punktacji
Procent ludzi z każdym wynikiem
Percentyl według liczby udzielonych odpowiedzi
Twoja historia wyników
Nie rozwiązałeś tego quizu od ostatniego zresetowania